Manual de contratos civiles, comerciales y de consumo /

Guardado en:
Otros Autores: Francescut, Daniela, González, Victoria, Katz, Salomón, Lombardi, Elida, Lovece, Graciela, Solignac, Nidia, Zentner, Diego
Formato: Libro
Idioma:Spanish
Publicado: Ciudad Autónoma de Buenos Aires : La Ley, 2017
Edición:4a. ed.
Materias:
Etiquetas: Agregar Etiqueta
Sin Etiquetas, Sea el primero en etiquetar este registro!
LEADER 00803nam a22002535a 4500
001 DER.der013392
008 180615s2017####ag#||||||||||||||#||spa||
005 20250220132651.0
245 1 0 |a Manual de contratos civiles, comerciales y de consumo /  |c dirigido por Carlos Alberto Ghersi y Celia Weingarten. 
250 |a 4a. ed. 
260 |a Ciudad Autónoma de Buenos Aires :  |b La Ley,  |c 2017 
300 |a 741 p. 
020 |a 9789870331940 
100 1 |a Ghersi, Carlos A.,  |e dir. 
700 1 |a Weingarten, Celia,  |e dir. 
700 1 |a Francescut, Daniela 
700 1 |a González, Victoria 
700 1 |a Katz, Salomón 
700 1 |a Lombardi, Elida 
700 1 |a Lovece, Graciela 
700 1 |a Solignac, Nidia 
700 1 |a Zentner, Diego 
650 7 |a CONTRATOS 
859 |a DERECHO  |b BIB. DERECHO  |h 346.02  |i GHE  |p 008342